Bezirke in der Steiermark - Statistiken

Allgemein
  • Dieses Quiz wurde 188 mal gespielt
  • Das Durchschnittsergebnis liegt bei 9 aus 13
Antwortstatistiken
Fläche (gerundet) Bezirk % Korrekt
128 km² Graz
96%
1.085 km² Graz-Umgebung
87%
1.054 km² Leoben
85%
3.319 km² Liezen
79%
983 km² Südoststeiermark
74%
750 km² Leibnitz
73%
1.386 km² Murau
69%
1.098 km² Weiz
67%
864 km² Deutschlandsberg
65%
1.676 km² Murtal
64%
678 km² Voitsberg
63%
1.224 km² Hartberg-Fürstenfeld
57%
2.157 km² Bruck-Mürzzuschlag
54%
Keine übereinstimmenden Quizze gefunden
Verteilung der Resultate
Anzahl Personen mit jedem Resultat
Perzentil nach korrekt beantworteten Fragen
Ihre Resultats-Entwicklung
Sie haben dieses Quiz noch nicht gespielt